Normal view
MARC view
Entry Topical Term
001 - CONTROL NUMBER
- control field: 332
003 - CONTROL NUMBER IDENTIFIER
- control field: ARRUPE
005 - DATE AND TIME OF LATEST TRANSACTION
- control field: 20130917142354.0
008 - FIXED-LENGTH DATA ELEMENTS
- fixed length control field: 130917|| aca||aabn | a|a d
040 ## - CATALOGING SOURCE
- Original cataloging agency: ARRUPE
- Transcribing agency: ARRUPE
150 ## - HEADING--TOPICAL TERM
- Topical term or geographic name as entry element: Religious life
- General subdivision: Islam.
670 ## - SOURCE DATA FOUND
- Source citation: Work cat.: (ARRUPE)0: Renard, John, 1944- 331, Seven doors to Islam :, c1996.